| 000 | 00369nam a2200145Ia 4500 | ||
|---|---|---|---|
| 008 | 100122s9999 xx 000 0 und d | ||
| 082 |
_b20653 _a547 |
||
| 100 | _aAUTHER TO ENTER | ||
| 245 | _aORGANIC CHEMISTRY - REACTIONS | ||
| 260 | _c1957 | ||
| 300 | _a200 | ||
| 630 | _aORGANIC CHEMISTRY - REACTIONS | ||
| 730 | _aORGANIC CHEMISTRY - REACTIONS | ||
| 942 | _cBOOK | ||
| 999 |
_c366443 _d366440 |
||